Pelangi, kami ingin ke sana (Record no. 86010)

MARC details
000 -LEADER
fixed length control field 00640nam a2200229 i 4500
001 - CONTROL NUMBER
control field C2-0279332
003 - CONTROL NUMBER IDENTIFIER
control field PPAK
005 - DATE AND TIME OF LATEST TRANSACTION
control field 20180728010607.0
008 - FIXED-LENGTH DATA ELEMENTS--GENERAL INFORMATION
fixed length control field 070424s2006 my |||| ||||| | may d
020 ## - INTERNATIONAL STANDARD BOOK NUMBER
International Standard Book Number 9676118966
040 ## - CATALOGING SOURCE
Original cataloging agency PPAK
Language of cataloging eng
Transcribing agency PPAK
Description conventions rda
082 04 - DEWEY DECIMAL CLASSIFICATION NUMBER
Classification number 899.23301
Edition number 23
090 00 - LOCALLY ASSIGNED LC-TYPE CALL NUMBER (OCLC); LOCAL CALL NUMBER (RLIN)
Classification number (OCLC) (R) ; Classification number, CALL (RLIN) (NR) 899.23301
Feature heading PEL
Feature heading G
245 00 - TITLE STATEMENT
Title Pelangi, kami ingin ke sana
264 #1 - PRODUCTION, PUBLICATION, DISTRIBUTION, MANUFACTURE, AND COPYRIGHT NOTICE
Place of production, publication, distribution, manufacture Kuala Lumpur :
Name of producer, publisher, distributor, manufacturer Utusan Publications & Distributors Sdn Bhd ,
Date of production, publication, distribution, manufacture, or copyright notice 2006
300 ## - PHYSICAL DESCRIPTION
Extent lii, 132 pages ;
Dimensions 18 cm
336 ## - CONTENT TYPE
Source rdacontent
Content type term text
337 ## - MEDIA TYPE
Source rdamedia
Media type term unmediated
338 ## - CARRIER TYPE
Source rdacarrier
Carrier type term volume
650 10 - SUBJECT ADDED ENTRY--TOPICAL TERM
Topical term or geographic name entry element Short stories, Malay.
942 ## - ADDED ENTRY ELEMENTS (KOHA)
-- dc
Koha item type Book
Holdings
Withdrawn Not for loan Current library Shelving location Date acquired Full call number Barcode Date last seen Koha item type
    Perpustakaan Alor Setar Pinjaman Dewasa 12/06/2007 899.23301 PEL A01135543 09/05/2018 Book
    Perpustakaan Baling Pinjaman Dewasa 03/06/2007 899.23301 PEL A01172994 09/05/2018 Book
    Perpustakaan Jitra Pinjaman Dewasa 03/06/2007 899.23301 PEL A01172992 09/05/2018 Book
    Perpustakaan Langkawi Pinjaman Dewasa 03/06/2007 899.23301 PEL A01172995 09/05/2018 Book
    Perpustakaan Merbok Pinjaman Dewasa 11/12/2007 899.23301 PEL A01212296 09/05/2018 Book
    Perpustakaan Yan Pinjaman Dewasa 03/06/2007 899.23301 PEL A01172996 09/05/2018 Book
    PD31, Kg. Gelam, Bedong Pinjaman Dewasa 03/06/2007 899.23301 PEL A01172998 09/05/2018 Book